000
00227nam a22001097a 4500
020
_a
1740475860
082
_a
823
_b
WAR/T
100
_a
WARD, SYLVIA
245
_a
THE GINGERBREAD MAN
650
_a
ENGLISH SHORT STORY
942
_c
BK
999
_c
3331
_d
3331